| 000 | 00828nam a22002417a 4500 | ||
|---|---|---|---|
| 001 | 12757 | ||
| 003 | HDC | ||
| 007 | cr bn ---aaaaa | ||
| 008 | 210210t20081006my ||||| |||| 00| 0 eng | ||
| 040 | _aHDC | ||
| 245 | 0 | _aSMEs on the Move. Going Global: Capturing Markets Abroad | |
| 260 |
_aPetaling Jaya, Selangor : _bMalaysia Productivity Corporation (MPC), _c2008 |
||
| 300 | _a3 pages | ||
| 336 |
_atext _2rdacontent |
||
| 337 |
_acomputer _2rdamedia |
||
| 338 |
_aonline resource _2rdacarrier |
||
| 650 |
_aMarket abroad _913593 |
||
| 650 |
_aSmall and medium enterprises (SME) _97657 |
||
| 856 | _zRequest full-text at [email protected] | ||
| 942 | _2lcc | ||
| 942 | _cCHAP | ||
| 942 | _kEBCH 001878 | ||
| 999 |
_c10080 _d10080 |
||